Wszystkie kraje, regiony i miasta wymienione w Red Dead Redemption 2 - Statystyki

Ogólne statystyki
  • Ten quiz został rozwiązany 16 razy
  • Średni wynik to 29 z 88
Statystyki odpowiedzi
Hint Odpowiedź % Poprawnych
KONTYNENT Afryka
85%
KONTYNENT Ameryka Południowa
85%
KONTYNENT Europa
85%
KRAJ Stany Zjednoczone
85%
KONTYNENT Ameryka Północna
77%
KRAJ Australia
77%
KONTYNENT Azja
77%
KRAJ Meksyk
77%
KRAJ Polska
77%
KRAJ Kanada
69%
KRAJ Niemcy
69%
KRAJ Brazylia
62%
KRAJ Francja
62%
KRAJ Chiny
54%
KRAJ Hiszpania
54%
KRAJ Irlandia
54%
MIASTO Nowy Jork
54%
KRAJ Wielka Brytania
54%
KRAJ Włochy
54%
KRAJ Argentyna
46%
KRAJ Austria
46%
KRAJ Japonia
46%
KRAJ Kuba
46%
KRAJ Norwegia
46%
KRAJ Rosja
46%
MIASTO Saint Denis
46%
MIASTO Annesburg
38%
REGION Lemoyne
38%
REGION Tahiti
38%
MIASTECZKO Tumbleweed
38%
MIASTECZKO Valentine
38%
MIASTECZKO Van Horn
38%
MIASTO Warszawa
38%
REGION Ambarino
31%
KRAJ Belgia
31%
MIASTO Blackwater
31%
REGION Guarma
31%
KRAJ Holandia
31%
KRAJ Indie
31%
REGION Montana
31%
REGION New Austin
31%
MIASTO Paryż
31%
MIASTECZKO Rhodes
31%
KRAJ Serbia
31%
MIASTECZKO Strawberry
31%
KRAJ Szwajcaria
31%
REGION West Elizabeth
31%
KRAJ Anglia
23%
MIASTECZKO Armadillo
23%
MIASTO Boston
23%
MIASTO Chicago
23%
MIASTO Filadelfia
23%
REGION Illinois
23%
REGION Massachusetts
23%
REGION Nevada
23%
REGION New Hanover
23%
REGION Ohio
23%
REGION Oregon
23%
REGION Pensylwania
23%
KRAJ Szkocja
23%
KRAJ Walia
23%
KRAJ Filipiny
15%
REGION Kansas
15%
WIOSKA Lagras
15%
REGION Luizjana
15%
KRAJ Luksemburg
15%
REGION Missouri
15%
REGION New Jersey
15%
REGION Śląsk
15%
MIASTO Wiedeń
15%
REGION Wyoming
15%
MIASTO Baltimore
8%
REGION Connecticut
8%
REGION Delaware
8%
REGION Georgia
8%
REGION Kentucky
8%
MIASTO Milwaukee
8%
REGION Polinezja Francuska
8%
KRAJ Tanzania
8%
REGION Tennessee
8%
REGION California
0%
MIASTO Donegal
0%
REGION Górny Śląsk
0%
REGION Himalaje
0%
REGION Jukon
0%
MIASTO Kolonia
0%
MIASTO Reno
0%
MIASTO Saint Louis
0%
Nie znaleziono quizów pasujących do podanych kryteriów
Rozkład punktacji
Procent ludzi z każdym wynikiem
Percentyl według liczby udzielonych odpowiedzi
Twoja historia wyników
Nie rozwiązałeś tego quizu